Click to Translate: Proto Indo European - Statistics

General Stats
  • This quiz has been taken 41 times
  • The average score is 9 of 20
Answer Stats
Hint Answer % Correct
night nókʷts
88%
sun sóh₂wl̥
82%
three tréyes
82%
sea móri
76%
snow snóygʷʰos
71%
name h₁nómn̥
47%
full pl̥h₁nós
47%
right deḱs-
41%
eye h₃ókʷs
41%
dog ḱwṓ
41%
sky dyḗws
35%
old ǵérh₂onts
35%
big méǵh₂s
35%
give déh₃t
29%
red h₁rewdʰós
29%
eat h₁ed-
24%
think memóne
24%
belly úderos
24%
egg h₂ōwyóm
18%
straight h₃reǵtós
12%
No matching quizzes found
Score Distribution
Percent of People with Each Score
Percentile by Number Answered
Your Score History
You have not taken this quiz